Представление документа в формате RUSMARC

ПолеНазваниеЗначение
  Тип записи a
  Библиографический уровень m
001 Контрольный номер RU/SLIB/B/208729330
005 Дата корректировки 20201206204020.2
010 Индекс ISBN __
a ISBN 5-86297-116-5
d Цена 25-00
101 Язык документа __
a Язык текста rus
c Язык оригинала rus
200 Заглавие и сведения об ответственности 0_
a Заглавие Налог на имущество предприятий по состоянию на 1 января 1999 года
f Первые сведения об ответственности ГНИ ; под общ. ред. А. А. Глинкина
b Общее обозначение материала Текст
210 Выходные данные __
a Место издания М.
c Издательство Учеб.-информ. центр
d Дата издания 1999
215 Физическое описание __
a Объем 182 с.
225 Серия __
a Серия Налоги РФ
330 Аннотация __
a Аннотация Приведены инструктивные и методические указания о порядке исчисления и уплаты налога на имущество предприятий. Приведено приложение по программе строительства жилья для военнослужащих.Для бухгалтеров, экономистов.
606 Тематические рубрики __
a Основная рубрика Экономика
z Хронологическая подрубрика 1999 г.; 20 в. кон.
y Географическая подрубрика Россия
606 Тематические рубрики __
a Основная рубрика Учет. Бухгалтерский учет
606 Тематические рубрики __
a Основная рубрика Финансовая система
610 Ключевые слова __
a Ключевые слова налоговая система; бухгалтерский учет; предприятия; имущество; налог на имущество; расчеты; военнослужащие; жилье; стоимость; производственный запас
686 Индексы других классификаций __
a Классификационный индекс 65.261.411.1(2Рос)
686 Индексы других классификаций __
a Классификационный индекс 65.052.21(2Рос)
702 Вторичная интеллектуальная ответственность _1
a Фамилия Глинкин
b Имя А. А.
4 Код отношения Главный редактор
4 Код отношения 651
801 Источник записи _0
a Страна RU
b Организация Муниципальное бюджетное учреждение культуры "Централизованная библиотечная система" г. Сургут (Центральная городская библиотека им. А. С. Пушкина)
g Правила каталогизации КиК/Котельникова
801 Источник записи _1
a Страна RU
b Организация Муниципальное бюджетное учреждение культуры "Централизованная библиотечная система" г. Сургут (Центральная городская библиотека им. А. С. Пушкина)
g Правила каталогизации КиК/Котельникова
852 Данные о местонахождении __
j Шифр хранения 65.261.411.1(2Рос)
c Каталожный индекс 65.261.4(2Рос); 65.052.21(2Рос)
i Авторский знак Н 23
901 Тип документа __
t Тип документа m
903 Характеристики (МАРС) __
a Дата передачи 20020926
990 Данные о заказе (DOS) __
j Количество экземпляров (DOS) 1
t N записи в КСУ для И/У (DOS) 200210